[Event "10th EICC"]
[Site "Budva MNE"]
[Date "2009.03.11"]
[Round "6"]
[White "Nestorovic,N"]
[Black "Rabrenovic,M"]
[Result "1-0"]
[WhiteElo "2415"]
[BlackElo "2257"]
[EventDate "2009.03.06"]

1. e4 c5 2. Nf3 d6 3. d4 cxd4 4. Nxd4 Nf6 5. Nc3 Nc6 6. Bc4 Qb6 7. Nxc6
bxc6 8. O-O g6 9. Qe1 Qc5 10. b3 Bg7 11. Be3 Qh5 12. Be2 Bg4 13. f3 Be6 14.
f4 Bg4 15. Bd3 O-O 16. Qd2 Rfd8 17. h3 Bxh3 18. gxh3 Qxh3 19. Rae1 Ng4 20.
Nd1 Nxe3 21. Nxe3 Bd4 22. Qf2 Kh8 23. Qf3 Qh6 24. Re2 e5 25. Kg2 f5 26. c3
Bxc3 27. exf5 gxf5 28. Bxf5 Rg8+ 29. Ng4 Qh5 30. Be6 Qg6 31. Bxg8 Rxg8 32.
fxe5 Bxe5 33. Re4 h5 34. Qf5 Qxf5 35. Rxf5 Rxg4+ 36. Rxg4 hxg4 37. Rf7 a5
38. Ra7 Kg8 39. Rxa5 Kf7 40. Ra7+ Ke6 41. a4 d5 42. a5 d4 43. a6 d3 44. Rh7
Bd4 45. a7 d2 46. a8=Q d1=Q 47. Qxc6+ Kf5 48. Rf7+ Ke5 49. Re7+ Kf5 50.
Qd5+ Kf4 51. Re4+ 1-0

[Event "10th EICC"]
[Site "Budva MNE"]
[Date "2009.03.11"]
[Round "6"]
[White "Cvetkovic,Sr"]
[Black "Spiric,I"]
[Result "0-1"]
[WhiteElo "2407"]
[BlackElo "2255"]
[EventDate "2009.03.06"]

1. c4 Nc6 2. Nc3 e5 3. g3 f5 4. Bg2 Nf6 5. d3 Be7 6. e3 O-O 7. Nge2 d6 8.
O-O Qe8 9. b3 g5 10. f4 h6 11. Nd5 Nxd5 12. cxd5 Nb8 13. Bb2 Bf6 14. Qd2 a5
15. Rac1 Na6 16. fxe5 Bxe5 17. Bxe5 Qxe5 18. e4 fxe4 19. Rxf8+ Kxf8 20.
Rf1+ Kg7 21. d4 Qe7 22. Nc3 e3 23. Qe2 Bd7 24. Be4 b5 25. Qxe3 Re8 26. Qf3
g4 27. Qf4 b4 28. Nd1 Qxe4 29. Qf7+ Kh8 30. Qf6+ Kh7 31. Qf7+ Kh8 32. Qxd7
Qxd4+ 33. Nf2 Rf8 34. Qe6 Kh7 35. Qd7+ Kh8 36. Qe6 Kh7 37. Qe7+ Kg8 38.
Qe6+ Kh7 39. Qe2 Nc5 40. Rd1 Rxf2 41. Qe7+ Rf7+ 0-1

[Event "10th EICC"]
[Site "Budva MNE"]
[Date "2009.03.11"]
[Round "6"]
[White "Ferguson,M"]
[Black "Plenca,J"]
[Result "1-0"]
[WhiteElo "2404"]
[BlackElo "2248"]
[EventDate "2009.03.06"]

1. e4 e6 2. d4 d5 3. Nd2 Nf6 4. e5 Nfd7 5. Bd3 c5 6. c3 Nc6 7. Ne2 cxd4 8.
cxd4 f6 9. exf6 Qxf6 10. Nf3 Bb4+ 11. Bd2 Bxd2+ 12. Qxd2 O-O 13. O-O e5 14.
dxe5 Ndxe5 15. Nxe5 Nxe5 16. Nd4 Kh8 17. Bc2 Be6 18. Nxe6 Qxe6 19. Rad1
Rad8 20. Qe3 Qd6 21. Qh3 g6 22. Kh1 Rf4 23. g3 Rf6 24. Qh6 d4 25. Be4 Ng4
26. Qd2 Qe7 27. Bg2 Qf7 28. Qg5 Qd7 29. f3 Qd5 30. Qxd5 1-0

[Event "10th EICC"]
[Site "Budva MNE"]
[Date "2009.03.11"]
[Round "6"]
[White "Kojovic,D"]
[Black "Pecurica,M"]
[Result "1/2-1/2"]
[WhiteElo "2403"]
[BlackElo "1934"]
[EventDate "2009.03.06"]

1. e4 c5 2. Nf3 d6 3. d4 cxd4 4. Nxd4 Nf6 5. Nc3 Nc6 6. h3 g6 7. Bc4 Bg7 8.
Be3 O-O 9. Bb3 Bd7 10. Qd2 Rc8 11. g4 Ne5 12. g5 Nh5 13. Qe2 Nc6 14. O-O-O
a6 15. Nf5 Bxf5 16. exf5 Na5 17. Nd5 Nxb3+ 18. axb3 e6 19. Nb6 Rc6 20. f6
Nxf6 21. gxf6 Qxf6 22. c3 Qf5 23. Qg4 Qb5 24. Kc2 Rxb6 25. Bxb6 Qxb6
1/2-1/2

[Event "10th EICC"]
[Site "Budva MNE"]
[Date "2009.03.11"]
[Round "6"]
[White "Scekic,V"]
[Black "Yilmaz,M"]
[Result "0-1"]
[WhiteElo "2084"]
[BlackElo "2400"]
[EventDate "2009.03.06"]

1. c4 Nf6 2. Nc3 e5 3. g3 Nc6 4. Bg2 d6 5. Nf3 g6 6. O-O Bg7 7. e4 O-O 8.
d3 Nd7 9. Nd5 a5 10. Be3 Nc5 11. h3 Nd4 12. Bxd4 exd4 13. Nf4 a4 14. Ne2
Ne6 15. b4 axb3 16. axb3 Bd7 17. Nd2 Rxa1 18. Qxa1 Nc5 19. Qb1 Qa8 20. b4
Na4 21. Nc1 Nc3 22. Qb2 Qa4 23. b5 Ra8 24. e5 dxe5 25. Bxb7 Bxh3 26. Re1
Qa1 27. Qxa1 Rxa1 28. Ndb3 Rb1 29. Kh2 Bg4 30. Bc6 Bd1 31. c5 Bxb3 0-1

[Event "10th EICC"]
[Site "Budva MNE"]
[Date "2009.03.11"]
[Round "6"]
[White "Veleski,R"]
[Black "Nikac,P"]
[Result "1-0"]
[WhiteElo "2269"]
[BlackElo "2395"]
[EventDate "2009.03.06"]

1. e4 c5 2. Nf3 d6 3. Bc4 g6 4. Nc3 Bg7 5. d3 Nc6 6. Bg5 Nf6 7. Qd2 Bg4 8.
Qf4 Bxf3 9. Qxf3 Ne5 10. Bb5+ Kf8 11. Qe2 a6 12. Ba4 b5 13. Bb3 h6 14. Be3
Rc8 15. f4 Nc6 16. O-O Nd4 17. Bxd4 cxd4 18. Nd5 e6 19. Nxf6 Bxf6 20. a4 b4
21. a5 Rc5 22. Qd2 Rxa5 23. Qxb4 Rb5 24. Qc4 Rc5 25. Qxa6 Kg7 26. Qb7 Re8
27. Ra6 Re7 28. Qb6 Rd7 29. Rfa1 g5 30. Qxd8 Bxd8 31. Ra8 Bf6 32. g3 Rdc7
33. Rb8 gxf4 34. gxf4 Rh5 35. Kg2 e5 36. f5 Bg5 37. Raa8 Bf4 38. Rg8+ Kf6
39. h3 Rg5+ 40. Rxg5 Kxg5 41. Kf3 Bc1 42. Ra2 Kh4 43. Bc4 Rb7 44. b3 f6 45.
Ra8 Kxh3 46. Rg8 Bg5 47. Rd8 Bf4 48. Rf8 Bg5 49. Rf7 Rb8 50. Ra7 Bf4 51.
Ra6 Rb7 52. Rxd6 Rg7 53. Rxf6 Rg2 54. Rg6 Bg5 55. f6 Rg3+ 56. Ke2 Rg2+ 57.
Kf1 Kh2 58. Rxg5 Rxg5 59. Be6 Rg6 60. f7 Rf6+ 61. Ke2 Kg2 62. b4 h5 63. b5
h4 64. b6 Rf2+ 65. Ke1 Rf1+ 66. Kd2 Rf2+ 67. Kc1 Rxf7 68. Bxf7 h3 69. b7 h2
70. b8=Q h1=Q+ 71. Kb2 Qe1 72. Qb3 Kf2 73. c4 Ke3 74. Be8 Qd2+ 75. Ka3 Qa5+
76. Ba4 Qe1 77. c5 Qa5 1-0

[Event "10th EICC"]
[Site "Budva MNE"]
[Date "2009.03.11"]
[Round "6"]
[White "Susak,Z"]
[Black "Kalezic,B"]
[Result "0-1"]
[WhiteElo "2229"]
[BlackElo "2460"]
[EventDate "2009.03.06"]

1. e4 e6 2. d4 d5 3. exd5 exd5 4. Bd3 c5 5. c3 Nc6 6. Qe2+ Be7 7. dxc5 Nf6
8. Nf3 O-O 9. O-O Bxc5 10. h3 Re8 11. Qc2 Ne4 12. Nbd2 Bf5 13. Nb3 Bb6 14.
Nbd4 Nxd4 15. Nxd4 Bg6 16. Be3 a6 17. Rfe1 Rc8 18. Rad1 Qd6 19. f3 Nxc3 20.
bxc3 Bc7 21. Kf1 Ba5 22. Bd2 Qh2 23. Rxe8+ Rxe8 24. Re1 Rf8 25. Bxg6 hxg6
26. Qd3 Bd8 27. Qe3 Bh4 28. Rb1 Bg5 29. Qxg5 Qh1+ 30. Kf2 Qxb1 31. Qxd5 Qd3
32. Qg5 Re8 33. h4 f6 34. Qf4 Re5 35. Nb3 a5 36. Qd4 Re2+ 37. Kg3 Qxd4 38.
cxd4 a4 39. Ba5 axb3 40. axb3 Kf7 41. b4 Re6 42. b5 Rd6 43. Bc7 Rxd4 44.
Kh3 Ke6 45. g4 Kd7 46. b6 Kc6 47. g5 fxg5 48. hxg5 Rb4 49. f4 Kd5 50. Kg4
Ke4 51. Kg3 Rb1 52. Kg2 Rb3 53. Kf2 Rf3+ 54. Ke2 Rxf4 55. Bxf4 Kxf4 56. Kd3
Kxg5 57. Kc4 Kf6 58. Kd5 Ke7 0-1

[Event "10th EICC"]
[Site "Budva MNE"]
[Date "2009.03.11"]
[Round "6"]
[White "Maevsky,N"]
[Black "Papadopoulos,I"]
[Result "0-1"]
[WhiteElo "2223"]
[BlackElo "2455"]
[EventDate "2009.03.06"]

1. e4 c5 2. Ne2 Nc6 3. c4 e5 4. Nbc3 d6 5. d3 g6 6. g3 Bg7 7. Bg2 Nge7 8.
O-O O-O 9. Nd5 Nxd5 10. exd5 Ne7 11. a3 a5 12. Nc3 f5 13. f4 Bd7 14. Be3 b6
15. Rb1 a4 16. Qd2 Kh8 17. Kh1 Ng8 18. b4 axb3 19. Rxb3 Ra6 20. Rfb1 Nf6
21. fxe5 dxe5 22. Bg5 Qc7 23. a4 Rb8 24. Qb2 h6 25. Bd2 Ng4 26. Nb5 Qd8 27.
Bc3 f4 28. Nd6 Qf8 29. Ne4 fxg3 30. hxg3 Qf5 31. Kg1 Qh5 32. Bf3 Rf8 33.
Qe2 Raa8 34. R1b2 Rxa4 35. Rxb6 Rxf3 36. Qxf3 Ra1+ 37. Rb1 Qh2+ 38. Kf1 Qc2
39. Qe2 Rxb1+ 40. Rxb1 Qxb1+ 41. Kg2 Qb6 42. Nd2 Kh7 43. Ne4 Bf5 44. Nd2
Qa7 45. Nf3 Qa3 46. Nxe5 Qxc3 47. Nxg4 Qxd3 48. Qxd3 Bxd3 49. d6 Bf5 50.
Ne3 Be5 51. Kf3 Bxd6 52. g4 Be6 53. Ke4 Kg7 54. Kd3 Kf6 55. Ke4 Kg5 56. Kf3
Bb8 57. Ke4 Bxg4 58. Nd5 h5 59. Nc3 h4 60. Ke3 h3 61. Ne4+ Kh4 62. Kf2 h2
63. Kg2 h1=Q+ 64. Kxh1 Bf3+ 65. Kg1 Bxe4 66. Kf2 Bd3 67. Ke3 Bxc4 68. Ke4
Be6 69. Kd3 Bd6 70. Ke4 g5 71. Kf3 g4+ 72. Kg2 c4 73. Kf2 Bc5+ 74. Kf1 Bf5
75. Kg2 Bd3 76. Kh2 Bf1 77. Kh1 c3 78. Kh2 c2 79. Kh1 c1=N 80. Kh2 Bd4 81.
Kh1 Ne2 82. Kh2 g3+ 83. Kh1 g2+ 84. Kh2 Bg1+ 0-1

[Event "10th EICC"]
[Site "Budva MNE"]
[Date "2009.03.11"]
[Round "6"]
[White "Smirnov,Arte"]
[Black "Pejovic,J"]
[Result "1-0"]
[WhiteElo "2449"]
[BlackElo "2214"]
[EventDate "2009.03.06"]

1. d4 g6 2. c4 d6 3. Nf3 Nd7 4. e4 e5 5. Nc3 Bg7 6. Be2 Nh6 7. O-O f6 8.
Rb1 Nf7 9. b4 O-O 10. Qc2 Re8 11. Rd1 c6 12. h3 Qe7 13. b5 Nf8 14. bxc6
bxc6 15. c5 exd4 16. Nxd4 dxc5 17. Nxc6 Qc7 18. Bb5 Be6 19. Nd5 Bxd5 20.
exd5 Nd7 21. Nd4 Rec8 22. Ne6 Qd6 23. Ba3 Rab8 24. Bxd7 Qxd7 25. Rxb8 Rxb8
26. Nxc5 Qd6 27. Qa4 Rc8 28. Nd7 Qc7 29. Rc1 Qxc1+ 30. Bxc1 Rxc1+ 31. Kh2
Rc7 32. Qb5 1-0

[Event "10th EICC"]
[Site "Budva MNE"]
[Date "2009.03.11"]
[Round "6"]
[White "Valeanu,E"]
[Black "Anicic,V"]
[Result "1-0"]
[WhiteElo "2432"]
[BlackElo "2212"]
[EventDate "2009.03.06"]

1. e4 e6 2. d4 d5 3. Nc3 Bb4 4. e5 c5 5. a3 Bxc3+ 6. bxc3 Qa5 7. Bd2 Qa4 8.
Qg4 Kf8 9. Qd1 Nc6 10. Nf3 Nge7 11. Qb1 Rb8 12. Bb5 Qa5 13. c4 Qb6 14. cxd5
exd5 15. dxc5 Qxc5 16. O-O Qb6 17. Be3 d4 18. Nxd4 Nxd4 19. Rd1 Bd7 20.
Bxd7 Qxb1 21. Rdxb1 Nec6 22. Bxc6 Nxc6 23. Bc5+ Kg8 24. Bd6 Re8 25. Rxb7 g5
26. Re1 h5 27. Rc7 Nd4 28. Rd1 Ne6 29. Rxa7 Rc8 30. Be7 Kh7 31. Bb4 Kg6 32.
c3 g4 33. f3 gxf3 34. gxf3 Rc4 35. Kf2 Rh7 36. a4 Kf5 37. Rdd7 Ng5 38. Rd4
Rc6 39. h4 Nh3+ 40. Ke3 Rg7 41. Rd6 Rc8 42. Re7 1-0

[Event "10th EICC"]
[Site "Budva MNE"]
[Date "2009.03.11"]
[Round "6"]
[White "Elkin,L"]
[Black "Fernandes,Ant"]
[Result "0-1"]
[WhiteElo "2191"]
[BlackElo "2422"]
[EventDate "2009.03.06"]

1. e4 c5 2. Nf3 d6 3. d4 cxd4 4. Nxd4 Nf6 5. Nc3 a6 6. Bc4 e6 7. Bb3 b5 8.
O-O Nbd7 9. Bg5 Nc5 10. Re1 h6 11. Bh4 Bb7 12. Bd5 Qc7 13. Bxb7 Qxb7 14.
Bxf6 gxf6 15. b4 Nd7 16. a4 bxa4 17. Rxa4 Rg8 18. b5 Nc5 19. bxa6 Rxa6 20.
Rxa6 Nxa6 21. Ndb5 Qc6 22. Qa1 Kd7 23. Na7 Qc4 24. Rb1 Nc7 25. Rb7 Rg5 26.
Ncb5 Rc5 27. Qxf6 Qxe4 28. Qxf7+ Be7 29. Rxc7+ Rxc7 30. h3 Rxc2 31. Kh2 Qh4
32. g3 Qf6 33. Qxf6 Bxf6 34. Kg2 Ra2 35. Kf3 Bd8 0-1

[Event "10th EICC"]
[Site "Budva MNE"]
[Date "2009.03.11"]
[Round "6"]
[White "Solic,K"]
[Black "Masic,P"]
[Result "0-1"]
[WhiteElo "2204"]
[BlackElo "2371"]
[EventDate "2009.03.06"]

1. e4 c6 2. d4 d5 3. Nd2 g6 4. exd5 cxd5 5. Bd3 Nc6 6. c3 Bg7 7. Ne2 Nf6 8.
O-O O-O 9. Nf3 Bg4 10. Ng3 Qb6 11. Re1 Rfe8 12. a4 e5 13. a5 Qd8 14. Be2 e4
15. Ne5 Nxe5 16. dxe5 Bxe2 17. Qxe2 Nd7 18. c4 Nxe5 19. cxd5 Nd3 20. Rd1
Qxd5 21. Be3 f5 22. f3 Rad8 23. fxe4 fxe4 24. Ra4 Nf4 25. Qd2 Qb3 26. Qxd8
Qxe3+ 27. Kf1 Rxd8 28. Rxd8+ Bf8 29. Rxe4 Qc1+ 30. Kf2 Qxb2+ 31. Kf3 Qc3+
32. Kg4 h5+ 0-1

[Event "10th EICC"]
[Site "Budva MNE"]
[Date "2009.03.11"]
[Round "6"]
[White "Becic,S"]
[Black "Pesotsky,V"]
[Result "0-1"]
[WhiteElo "2131"]
[BlackElo "2343"]
[EventDate "2009.03.06"]

1. e4 Nf6 2. Nc3 d5 3. exd5 Nxd5 4. Nxd5 Qxd5 5. d4 Nc6 6. Nf3 Bg4 7. Be3
O-O-O 8. Be2 e5 9. c3 exd4 10. Nxd4 Bxe2 11. Qxe2 Nxd4 12. Bxd4 c5 13.
O-O-O cxd4 14. Rxd4 Qe6 15. Rxd8+ Kxd8 16. Qb5 Kc8 17. Qa5 a6 18. c4 Bd6
19. Kb1 Kb8 20. Rd1 Qe4+ 21. Ka1 Qxc4 22. a3 Bc7 23. Qg5 g6 24. g3 Re8 25.
f4 Qc2 26. Rb1 Re2 27. Qf6 Ka7 28. Qxf7 Bb6 29. Qa2 Rxh2 30. g4 Qf2 31. g5
Bd4 0-1

[Event "10th EICC"]
[Site "Budva MNE"]
[Date "2009.03.11"]
[Round "6"]
[White "Filipovic,Mi"]
[Black "Sekulic,D"]
[Result "1/2-1/2"]
[WhiteElo "2121"]
[BlackElo "2316"]
[EventDate "2009.03.06"]

1. e4 e5 2. Nf3 Nc6 3. d4 exd4 4. c3 Nf6 5. e5 Nd5 6. Bc4 Nb6 7. Bb3 d5 8.
cxd4 Bg4 9. Be3 Bb4+ 10. Nc3 Na5 11. Bc2 Nac4 12. Bc1 O-O 13. O-O f6 14.
Qd3 g6 15. exf6 Bf5 16. Qd1 Qxf6 17. Bxf5 Qxf5 18. Ne2 Bd6 19. b3 Na5 20.
Be3 Nc6 21. Nc3 a6 22. Rc1 Rae8 23. Nh4 Qd7 24. Bh6 Rf7 25. g3 Be7 26. Ng2
Qh3 27. Be3 g5 28. Qd2 h6 29. f4 Ref8 30. fxg5 Rxf1+ 31. Rxf1 Rxf1+ 32.
Kxf1 Qf5+ 33. Qf2 Qd3+ 34. Ne2 hxg5 35. Ne1 Qb1 36. Nc3 Qg6 37. Qf3 g4 38.
Qe2 Bb4 39. Nd1 Nd7 40. Nf2 Nf6 41. Ned3 Bd6 42. Kg2 Qf5 43. Ne1 Ne7 44.
Qd3 Ne4 45. Qe2 Nf6 46. Qd3 Qe6 47. Bg5 Nh7 48. Bxe7 Bxe7 49. Qd1 Nf6 50.
Ned3 Bd6 51. Qd2 Qf5 52. Qe2 Kg7 53. Ne5 c5 54. Nfxg4 Nxg4 55. Qxg4+ Qxg4
56. Nxg4 c4 57. Ne3 cxb3 58. axb3 Ba3 59. Nxd5 Bb2 60. Nf4 Kf7 61. h4 a5
62. Kf3 b5 63. Ke2 a4 64. bxa4 bxa4 65. Nd3 a3 66. Nb4 Ke7 67. Kd3 Kd6 68.
Kc4 1/2-1/2

[Event "10th EICC"]
[Site "Budva MNE"]
[Date "2009.03.11"]
[Round "6"]
[White "Simeonidis,I"]
[Black "Bozinovic,Bob"]
[Result "0-1"]
[WhiteElo "2303"]
[BlackElo "2095"]
[EventDate "2009.03.06"]

1. e4 c5 2. Nf3 d6 3. d4 cxd4 4. Nxd4 Nf6 5. Nc3 g6 6. Be3 Bg7 7. f3 O-O 8.
Qd2 Nc6 9. Bc4 Bd7 10. h4 Ne5 11. Bb3 Qa5 12. O-O-O Rfc8 13. h5 Nxh5 14.
Nd5 Qxd2+ 15. Rxd2 Bf8 16. g4 Nf6 17. Nxf6+ exf6 18. Rdh2 h6 19. Bxh6 Bxh6+
20. Rxh6 Kf8 21. Rh7 g5 22. Bd5 Rab8 23. Rh8+ Ke7 24. Rxc8 Rxc8 25. Bxb7
Rc4 26. c3 Rxd4 27. cxd4 Nxf3 28. Rd1 Bxg4 29. Rd3 Nh4 30. Kd2 Bf3 31. Ke3
f5 32. Kf2 fxe4 33. Ra3 f5 34. Rxa7 Kf6 35. Ba6 f4 36. Rh7 e3+ 37. Kg1 Be4
38. Rh6+ Ng6 39. a4 f3 40. a5 g4 41. b4 g3 0-1

[Event "10th EICC"]
[Site "Budva MNE"]
[Date "2009.03.11"]
[Round "6"]
[White "Vukovic,K"]
[Black "Tassopoulos,M"]
[Result "0-1"]
[WhiteElo "2055"]
[BlackElo "2293"]
[EventDate "2009.03.06"]

1. e4 c5 2. Nc3 Nc6 3. g3 g6 4. Bg2 Bg7 5. d3 d6 6. Be3 e5 7. Qd2 Nge7 8.
Nge2 Nd4 9. Nd1 O-O 10. c3 Nxe2 11. Qxe2 Rb8 12. h4 h5 13. f3 f5 14. Bg5
Bf6 15. Bxf6 Rxf6 16. Nf2 f4 17. g4 b5 18. Bh3 b4 19. Rg1 bxc3 20. bxc3 Qa5
21. Qc2 hxg4 22. Bxg4 Ba6 23. Kd2 c4 24. Rgb1 Rff8 25. Be6+ Kg7 26. Rxb8
Rxb8 27. Rb1 Rb6 28. dxc4 Qc5 29. Ng4 Nc6 30. Rxb6 Qxb6 31. Qb3 Na5 32.
Qxb6 axb6 33. Kd3 Nb7 34. Bd5 Nc5+ 35. Kd2 Bc8 36. Nf2 Bd7 37. Nd3 Kh6 38.
Nxc5 dxc5 39. Ke2 Be8 40. Be6 Kh5 41. Kf2 Kxh4 42. Kg2 g5 43. Bg4 Bf7 44.
a3 Bxc4 45. Kf2 Bf7 46. Bd7 Bh5 47. Bf5 g4 48. fxg4 Bxg4 49. Bh7 Be6 50.
Bg6 Kg5 51. Be8 Kf6 52. Bb5 Ke7 53. Bd3 Bg4 54. Bb5 Kd6 55. Ba4 Bd7 56. Bc2
Kc6 57. Bd3 Be6 58. a4 Kc7 59. Ba6 Bd7 60. Be2 Bxa4 61. Ke1 Bd7 62. Kd2 b5
63. Kc2 Kb6 64. Bf3 Ka5 65. Be2 Bh3 66. Bf3 Bf1 67. Kb3 Bc4+ 68. Kb2 b4 69.
Bd1 Bf1 70. Bf3 Kb5 71. Kb3 c4+ 72. Kc2 Kc5 73. Bh1 Be2 0-1

[Event "10th EICC"]
[Site "Budva MNE"]
[Date "2009.03.11"]
[Round "6"]
[White "Djurovic,G"]
[Black "Papp,P"]
[Result "1-0"]
[WhiteElo "2279"]
[BlackElo "2134"]
[EventDate "2009.03.06"]

1. c4 e6 2. g3 Nf6 3. Bg2 d5 4. Nf3 Be7 5. O-O O-O 6. d4 dxc4 7. Qc2 a6 8.
Qxc4 b5 9. Qc2 Bb7 10. Bd2 Bd6 11. Rd1 Be4 12. Qc1 Bb7 13. a3 Nbd7 14. Ba5
Rc8 15. Nc3 Qe7 16. b4 Ba8 17. Qc2 e5 18. d5 g6 19. Qd2 Nh5 20. e4 Kg7 21.
Rab1 Nb6 22. Bxb6 cxb6 23. Rdc1 Nf6 24. Qe3 Qd8 25. Bh3 Rb8 26. Nh4 h6 27.
Ng2 Ne8 28. f4 Qe7 29. f5 g5 30. Bg4 Nf6 31. h3 Rfc8 32. Bf3 Nd7 33. Qe2
Rc7 34. Na2 Bb7 35. Rxc7 Bxc7 36. Rc1 Bd6 37. Ne3 Qd8 38. Kg2 Nf6 39. Rh1
Qd7 40. h4 Rh8 41. Qd2 Qe7 42. Nc3 Qd8 43. Ncd1 Bc8 44. Nf2 Be7 45. hxg5
hxg5 46. Rxh8 Kxh8 47. Qc3 Bd6 48. Nh3 Nh7 49. Qc6 f6 50. Bh5 Kg7 51. Nf2
Nf8 52. Nd3 Qc7 53. Be8 Bb7 54. Qxc7+ Bxc7 55. Nb2 Bd6 56. Nc2 Bc8 57. Bc6
Kf7 58. a4 Bd7 59. axb5 axb5 60. Nd1 Ke7 61. Nc3 Bc8 62. Nxb5 Ba6 63. Nxd6
Kxd6 64. b5 Bc8 65. Kf3 Nd7 66. Ne3 Nf8 67. Kg4 Kc5 68. d6 Kxd6 69. Nd5 Nd7
70. Kh5 Nb8 71. Nxb6 Bb7 72. Bxb7 Kc7 73. Nd5+ Kxb7 74. Nxf6 Kb6 75. Ng4
Nd7 76. f6 Kxb5 77. f7 Kc5 78. Nxe5 Nf8 79. Ng6 Ne6 80. f8=Q+ Nxf8 81. Nxf8
1-0

[Event "10th EICC"]
[Site "Budva MNE"]
[Date "2009.03.11"]
[Round "6"]
[White "Brajovic,R"]
[Black "Draskovic,L"]
[Result "1/2-1/2"]
[WhiteElo "2275"]
[BlackElo "1983"]
[EventDate "2009.03.06"]

1. c4 Nf6 2. Nc3 c6 3. d4 d5 4. Nf3 e6 5. Bg5 Nbd7 6. e3 Qa5 7. Bxf6 Nxf6
8. Qb3 Bb4 9. a3 Bxc3+ 10. Qxc3 Qxc3+ 11. bxc3 Ke7 12. Bd3 1/2-1/2

[Event "10th EICC"]
[Site "Budva MNE"]
[Date "2009.03.11"]
[Round "6"]
[White "Chapman,T"]
[Black "Kadric,D"]
[Result "1/2-1/2"]
[WhiteElo "2251"]
[BlackElo "1982"]
[EventDate "2009.03.06"]

1. Nf3 Nf6 2. c4 g6 3. g3 Bg7 4. Bg2 d6 5. O-O O-O 6. Nc3 Nc6 7. d3 e5 8.
Rb1 a5 9. h3 Nd4 10. Nxd4 exd4 11. Nb5 Nd7 12. e3 dxe3 13. Bxe3 Ne5 14. f4
Nc6 15. g4 f5 16. g5 Kh8 17. Qd2 Be6 18. Rfe1 Bg8 19. b3 Qd7 20. Qf2 Nb4
21. Rbd1 c6 22. Nd4 Rfe8 23. Nf3 Re6 24. a3 Na6 25. Bd4 Rae8 26. Rxe6 Rxe6
27. Bb6 Qe8 28. Nd4 Re7 29. Bxa5 Re3 30. Bc3 Bf7 31. Qb2 Kg8 32. Nc2 Bxc3
33. Qxc3 Re7 34. b4 Nc7 35. Bf3 d5 36. c5 Nb5 37. Qd2 d4 38. Kf2 Bb3 39.
Rb1 Bxc2 40. Qxc2 Nc3 41. Rf1 Qb8 42. Kg1 Kf8 43. Qh2 Qe8 44. h4 Re1 45.
Qf2 Re3 46. h5 gxh5 47. Qh4 Rxd3 48. Qxh5 Qxh5 49. Bxh5 Ne4 50. Rd1 Rh3 51.
Be2 Nc3 52. Rd2 Nxe2+ 53. Rxe2 Rxa3 54. Re5 Rb3 55. Rxf5+ Kg8 56. Kf2 Rxb4
57. Kf3 Rc4 58. Ke4 Kg7 59. Kd3 Rb4 60. Rf6 b6 61. cxb6 Rxb6 62. Kxd4 Rb4+
63. Kc5 Re4 64. Kxc6 h6 65. Kd5 hxg5 66. Kxe4 Kxf6 67. fxg5+ Kxg5 1/2-1/2

[Event "10th EICC"]
[Site "Budva MNE"]
[Date "2009.03.11"]
[Round "6"]
[White "Nestorovic,L"]
[Black "Berke,A"]
[Result "0-1"]
[WhiteElo "2207"]
[BlackElo "2081"]
[EventDate "2009.03.06"]

1. e4 c5 2. Nf3 d6 3. d4 cxd4 4. Nxd4 Nf6 5. Nc3 Nc6 6. g3 g6 7. Bg2 Nxd4
8. Qxd4 Bg7 9. Bg5 O-O 10. Qd2 Re8 11. O-O Qa5 12. h3 Be6 13. Be3 Rac8 14.
Rad1 a6 15. Bd4 Qc7 16. f4 Nd7 17. Bxg7 Kxg7 18. Kh1 b5 19. a3 Red8 20. Rf3
Nb6 21. f5 Bd7 22. Rdf1 Rf8 23. Rf4 Nc4 24. Qc1 f6 25. Nd5 Qd8 26. R4f2 g5
27. c3 Ne5 28. Ne3 Nd3 29. Qd2 Nxf2+ 30. Rxf2 Be8 31. Nc2 Bf7 32. Nd4 Qb6
33. Qe3 Qc5 34. Kh2 a5 35. Qd2 Rb8 36. Nc2 Rfc8 37. Bf3 Qe5 38. Re2 h5 39.
Kg2 h4 40. gxh4 gxh4 41. Kh1 Kh7 42. Bg4 Rc4 43. Nd4 b4 44. axb4 axb4 45.
Rg2 bxc3 46. Qe1 Qf4 47. bxc3 Rbc8 48. Ne6 Qh6 49. Qf2 Rxc3 50. Nd4 Rc1+
51. Kh2 R8c4 52. Ne6 Rxe4 53. Bf3 Rxe6 54. Bd5 Ree1 55. Rg4 Bxd5 0-1

[Event "10th EICC"]
[Site "Budva MNE"]
[Date "2009.03.11"]
[Round "6"]
[White "Kandic,Milo"]
[Black "Civric,Z"]
[Result "0-1"]
[WhiteElo "2075"]
[BlackElo "2206"]
[EventDate "2009.03.06"]

1. e4 d5 2. exd5 Nf6 3. Nf3 Nxd5 4. d4 g6 5. c4 Nb6 6. h3 Bg7 7. Nc3 O-O 8.
Be2 Nc6 9. c5 Nd5 10. O-O Bf5 11. a3 e5 12. Nxd5 Qxd5 13. dxe5 Qxc5 14. Be3
Qe7 15. Qc1 Bxe5 16. Nxe5 Qxe5 17. Rd1 Rad8 18. Qc4 Na5 19. Qh4 Rxd1+ 20.
Rxd1 c5 21. Bh6 Re8 22. Rd8 Nc6 23. Rxe8+ Qxe8 24. Bf3 Qe1+ 25. Kh2 Qe5+
26. g3 Qd4 27. g4 Be4 28. Qg3 Bxf3 29. Qxf3 Qxb2 30. Kg2 Qe5 31. a4 c4 32.
Qa3 Qe7 33. Qc3 Qe4+ 34. f3 Qe2+ 35. Kg1 Ne5 36. Bf4 Nxf3+ 0-1

[Event "10th EICC"]
[Site "Budva MNE"]
[Date "2009.03.11"]
[Round "6"]
[White "Schartz,A"]
[Black "Simic,V"]
[Result "1/2-1/2"]
[WhiteElo "2202"]
[BlackElo "2064"]
[EventDate "2009.03.06"]

1. e4 c5 2. Nf3 d6 3. d4 cxd4 4. Nxd4 Nf6 5. Nc3 a6 6. Be2 e5 7. Nb3 Be7 8.
Bg5 Be6 9. Bxf6 Bxf6 10. Qd3 Nc6 11. O-O-O Be7 12. Kb1 O-O 13. Nd5 Bg5 14.
h4 Bxh4 15. g3 Be7 16. f4 h6 17. Nxe7+ Qxe7 18. Qxd6 Qxd6 19. Rxd6 Bxb3 20.
axb3 Rad8 21. Rhd1 Rxd6 22. Rxd6 Rd8 23. Rxd8+ Nxd8 24. b4 Kf8 25. Kc1 exf4
26. gxf4 g5 27. fxg5 hxg5 28. Kd2 Ke7 29. Ke3 Kd6 30. Bc4 Ke5 31. Bf1 f6
32. Bh3 Nf7 33. b3 Nd6 34. Bg2 Nb5 35. Bh3 Nd4 36. c3 Nxb3 37. Bc8 a5 38.
Bxb7 a4 39. Bd5 Nc1 40. b5 a3 41. b6 Kd6 42. Kd4 Ne2+ 43. Kd3 Nf4+ 44. Kc2
g4 45. c4 a2 46. c5+ Kxc5 47. b7 a1=Q 48. b8=Q Qa4+ 49. Kd2 Qb4+ 50. Qxb4+
Kxb4 51. Bb7 Kc4 52. Ke3 g3 53. Kf3 g2 54. Kf2 Kd4 55. Bc6 Ke5 56. Bb7 Ke6
57. Bc6 Kf7 58. e5 fxe5 59. Bxg2 Kf6 60. Bb7 Kf5 61. Ke3 Nh5 62. Bc8+ Kf6
63. Bb7 1/2-1/2

[Event "10th EICC"]
[Site "Budva MNE"]
[Date "2009.03.11"]
[Round "6"]
[White "Pantic,I"]
[Black "Dinter,B"]
[Result "0-1"]
[WhiteElo "2193"]
[BlackElo "2055"]
[EventDate "2009.03.06"]

1. d4 d5 2. Nf3 Nf6 3. c4 c6 4. Nc3 Qb6 5. e3 Bg4 6. h3 Bxf3 7. Qxf3 e6 8.
c5 Qc7 9. Qf4 Qxf4 10. exf4 b6 11. cxb6 axb6 12. Bd2 Bd6 13. Bd3 O-O 14.
O-O Na6 15. a3 Nc7 16. f5 e5 17. dxe5 Bxe5 18. Rfe1 Rfe8 19. g4 d4 20. Ne2
c5 21. Rac1 Nfd5 22. Kg2 Bd6 23. Kf3 b5 24. Nf4 Nxf4 25. Bxf4 Bxf4 26. Kxf4
Nd5+ 27. Kf3 c4 28. Be4 Red8 29. Bxd5 Rxd5 30. Rcd1 Kf8 31. Re4 Rad8 32. h4
h5 33. Kf4 hxg4 34. Kxg4 d3 35. Kf4 Rd4 36. f3 Rxe4+ 37. fxe4 Ke7 38. h5
Rh8 39. Rh1 Kd6 40. Rh2 Kc5 41. Ke3 Rd8 42. Rg2 Rd6 43. Kd2 Rh6 44. Rxg7 f6
45. Rd7 Rxh5 46. Ke3 Rh2 47. Rc7+ Kd6 48. Rc8 Rxb2 49. a4 Re2+ 50. Kf3 Rc2
51. axb5 d2 52. Ke2 c3 53. b6 Rc1 54. Rd8+ Kc6 55. Kf2 d1=Q 0-1

[Event "10th EICC"]
[Site "Budva MNE"]
[Date "2009.03.11"]
[Round "6"]
[White "Bajkovic,N"]
[Black "Kruljac,P"]
[Result "0-1"]
[WhiteElo "2180"]
[BlackElo "2052"]
[EventDate "2009.03.06"]

1. c4 e5 2. Nc3 Nf6 3. Nf3 Nc6 4. d4 exd4 5. Nxd4 Bb4 6. Bg5 h6 7. Bh4 O-O
8. e3 g5 9. Bg3 Ne4 10. Qd3 Re8 11. O-O-O Bxc3 12. bxc3 Qe7 13. Nc2 Qf6 14.
Kb2 Nc5 15. Qd2 Na4+ 16. Kb3 Nc5+ 17. Kb2 Na4+ 18. Kb3 Nc5+ 19. Ka3 Ne4 20.
Qe1 Nxc3 21. Rd3 Ne4 22. f3 Nc5 23. Rd5 d6 24. h4 Be6 25. hxg5 hxg5 26. e4
Bxd5 27. cxd5 Ne7 28. Qd2 Kg7 29. Rh5 Kg6 30. Rh2 Rh8 31. Ne3 Rxh2 32. Ng4
Qa1 33. Nxh2 b5 34. f4 b4+ 35. Kxb4 Qb1+ 36. Kc4 Qxe4+ 37. Qd4 Qc2+ 38. Qc3
Qxc3+ 0-1

[Event "10th EICC"]
[Site "Budva MNE"]
[Date "2009.03.11"]
[Round "6"]
[White "Rajcevic,S"]
[Black "Malureanu,C"]
[Result "0-1"]
[WhiteElo "2161"]
[BlackElo "2013"]
[EventDate "2009.03.06"]

1. d4 c5 2. d5 Nf6 3. c4 e6 4. Nc3 d6 5. Nf3 exd5 6. cxd5 g6 7. e4 a6 8. a4
Bg4 9. Be2 Bxf3 10. Bxf3 Nbd7 11. O-O Bg7 12. Be2 O-O 13. Bf4 Re8 14. Qc2
Ne5 15. a5 Qc7 16. h3 h6 17. Nd1 Re7 18. Ne3 Rae8 19. Ra4 Bf8 20. Rc1 Ned7
21. f3 Nh5 22. Bh2 f5 23. g4 fxe4 24. fxe4 Nhf6 25. Bf3 b5 26. axb6 Nxb6
27. e5 dxe5 28. Rxa6 Rg7 29. Qb3 c4 30. Qc3 Bc5 31. Kh1 Bd4 32. Qd2 Qc5 33.
Nxc4 Nxc4 34. Qc2 Qb5 35. Qxc4 Qxb2 36. Rxf6 e4 37. d6+ Kh8 38. d7 Rxd7 39.
Bxe4 Bxf6 40. Bxg6 Qb7+ 41. Qc6 Re1+ 42. Kg2 Rxc1 0-1